Sociálno-ekonomická revue vedecký časopis Fakulty sociálno-ekonomických vzťahov Trenčianskej univerzity Alexandra Dubčeka v Trenčíne
Zameriava sa na súčasné otázky z oblastí ekonómie, manažmentu, ľudských zdrojov, verejnej správy a regionálneho rozvoja, marketingu a obchodu, sociáno-ekonomického rozvoja, sociálnej psychológie, životného prostredia, svetovej ekonomiky a politiky.
Saved in:
| Corporate Author: | |
|---|---|
| Format: | Serial |
| Language: | English |
| Published: |
Trenčín
Trenčianska univerzita Alexandra Dubčeka v Trenčíne
|
| Subjects: | |
| Tags: |
No Tags, Be the first to tag this record!
|
MARC
| LEADER | 00000nas1a2200000$$$4500 | ||
|---|---|---|---|
| 001 | 0013658 | ||
| 005 | 20251211093605.5 | ||
| 022 | |a 1336-3727 | ||
| 022 | |a 2585-9358 | ||
| 041 | 0 | |a eng | |
| 044 | |a SK | ||
| 245 | 1 | 0 | |a Sociálno-ekonomická revue |b vedecký časopis Fakulty sociálno-ekonomických vzťahov Trenčianskej univerzity Alexandra Dubčeka v Trenčíne |
| 264 | 1 | |a Trenčín |b Trenčianska univerzita Alexandra Dubčeka v Trenčíne | |
| 500 | |a Od r. 2025 vychádza v online verzii | ||
| 500 | |a V roku 2010 vyšlo č. 1-3 vo verzii CD ROM, č. 4 v tlačenej verzii | ||
| 520 | |a Zameriava sa na súčasné otázky z oblastí ekonómie, manažmentu, ľudských zdrojov, verejnej správy a regionálneho rozvoja, marketingu a obchodu, sociáno-ekonomického rozvoja, sociálnej psychológie, životného prostredia, svetovej ekonomiky a politiky. | ||
| 610 | 2 | 0 | |a teórie ekonomické |
| 610 | 2 | 0 | |a veda ekonomická |
| 610 | 2 | 0 | |a situácia hospodárska |
| 610 | 2 | 0 | |a Trenčianska univerzita Alexandra Dubčeka v Trenčíne |
| 710 | 2 | |a Trenčianska univerzita Alexandra Dubčeka v Trenčíne. Fakulta sociálno-ekonomických vzťahov | |